03366nam a2200553Ia 45000010005000000080041000050100009000460410014000550820036000692450201001052600011003063000008003175200006003256300028003316300017003596300027003766300027004036500016004306900016004467000024004627000035004867000054005219010098005759020006006739030032006799040018007119050063007299060006007929070014007989080014008129090051008269100015008779110010008929120014009029130009009169140026009259150019009519160009009709170009009799180014009889190028010025201723010309210007027539220007027609230006027679240014027739420010027879990015027973791241029s9999 xx 000 0 und d a3556 aEspañol aCURNE. Ped-111. F.H. 2009. M.A. 0aActitud del docente frente a la motivación y rendimiento académico de alumnos repitientes del Liceo Juan Pablo Duarte, nivel medio, tanda nocturna, San Francisco de Macorís, año 2005-2006. aDuarte a127 a6 aActitud de los Docentes aMotivación aRedimiento académico aRepetición de Cursos aRendimiento aSintetizado easesoraMena, Alma  eautoraBurgos Vargas, Inés  eautoraDe Los Ángeles García, Miriam Estela a{"1":"Burgos Vargas","2":"De Los Ángeles García"}b{"1":" Inés ","2":"Miriam Estela"} a1 a{"1":"Mena"}b{"1":"Alma "} aMagíster en aOrientación Educativa e Intervención Psicopedagógica a2 aNO APLICA aNO APLICA aUniversidad Autónoma de Santo Domingo (UASD) aNULLbNULL a["1"] aNO APLICA aNULL a05 de Octubre de 2009 a31/10/19 03:10 aNULL aNULL aNO APLICA a["4","143","242","178"] aLa problemática que se trabajó en esta investigación se realizó con la finalidad de determinar la actitud del docente frente a la motivación y rendimiento académico de los alumnos repitientes del Liceo Juan Pablo Duarte, nivel medio, tanda nocturna, Distrito Educativo 07-06, San Francisco de Macorís, año 2005-2006.El diseño metodológico de esta investigación es del tipo descriptiva. De una población de veintiséis (26) docentes, se seleccionó una muestra de veinte (20) docentes. Los seis (6) restantes no devolvieron el instrumento. De un total de sesenta y seis (66) alumnos repitientes, se escogió una muestra de veintidós (22), elegidos al azar. De estos solo diecinueve (19) acudieron a la cita para la aplicación del instrumento. Las técnicas utilizadas para la obtención de los datos fueron: cuestionario a docentes, cuestionario a alumnos, consulta a documentos oficiales del centro y entrevista.Entre los hallazgos más relevantes se destacan los siguientes: las áreas donde se concentran la mayor cantidad de docentes son matemáticas, lengua española y ciencias sociales, que son en las que más reprueban los alumnos. Por otro lado, el 45% de los docentes tiene grado de maestría. El 65% de los docentes afirma que los alumnos no utilizan técnicas para realizar sus tareas. Un 75% sostiene que las dificultades de aprendizaje la provocan los deficientes hábitos de estudios. De igual modo, el 55% están de acuerdo que la motivación del docente es clave para mejorar el rendimiento académico de los alumnos.En conclusión se comprobó que la actitud del docente influye en la motivación y el rendimiento académico de los alumnos repitientes. a28 a28 a0 aNO APLICA cTesis c3556d3556